Top 10 des pays produisant le plus de zinc - Statistiques

Statistiques générales
  • Ce quiz a été pris 28 fois
  • Le résultat moyen est 6 sur 10
Statistiques - réponses
Production mondiale (en %) Pays % Correct
5,8 États-Unis
96%
32,3 Chine
92%
6,3 Inde
92%
2,5 Russie
84%
9,2 Australie
76%
5,8 Mexique
72%
10,7 Pérou
44%
2,8 Kazakhstan
32%
4,1 Bolivie
20%
1,8 Suède
8%
Aucun quiz correspondant
Distribution des résultats
% des personnes avec chaque résultat
Percentile par nombre de réponses
Votre historique - résultats
Vous n’avez pas pris ce quiz